| 000 | 00790cam a22002771 4500 | ||
|---|---|---|---|
| 001 | 27999 | ||
| 003 | BD-RjUL | ||
| 005 | 20211209051227.0 | ||
| 008 | 140329s1903 enk 001 1 eng | ||
| 035 | _a(BD-RjUL)28080 | ||
| 035 | _a(OCoLC)1305567 | ||
| 040 |
_aDLC _cNhU _dOCoLC _dDLC _dBD-RjUL _beng |
||
| 041 | _aeng | ||
| 082 |
_a104 _bMAT 1903 |
||
| 100 | 1 |
_aMaeterlinck, Maurice, _d1862-1949. _943440 |
|
| 245 | 1 | 0 |
_aThoughts from Maeterlinck / _cChosen and arr. by E.S.S. |
| 250 | _a[1st ed.] | ||
| 260 |
_aLondon : _bGeorge Allen, _c1903. |
||
| 300 |
_a248 p. ; _c20 cm. |
||
| 504 | _aIncludes index. | ||
| 650 | 0 |
_aDrama _xTechnique. _955534 |
|
| 700 | 1 |
_aSutro, Esther Stella Isaacs, _earr. _985879 |
|
| 942 |
_2ddc _cBK |
||
| 999 |
_c27999 _d27999 |
||